Das alte Griechenland - Bild Quiz - Statistiken

Allgemein
  • Dieses Quiz wurde 49 mal gespielt
    47 seit der letzten Aktualisierung
  • Das Durchschnittsergebnis liegt bei 6 aus 16
Antwortstatistiken
Bildquiz Antwort % Korrekt
Akropolis
92%
Troja
89%
Pythagoras
78%
Olympische Spiele
69%
Alexander der Große
53%
Athene
47%
Aristoteles
31%
Herakles
25%
Theater
22%
Triere
14%
Kolonisation
11%
Hoplit
8%
Korinth
8%
Amphore
6%
Sklaven
6%
Gymnasion
3%
Keine übereinstimmenden Quizze gefunden
Verteilung der Resultate
Anzahl Personen mit jedem Resultat
Perzentil nach korrekt beantworteten Fragen
Ihre Resultats-Entwicklung
Sie haben dieses Quiz seit der letzten Aktualisierung nicht gespielt